pour un pote-paroles - Statistiques

Statistiques générales
  • Ce quiz a été pris 75 fois
  • Le résultat moyen est 382 sur 498
Statistiques - réponses
Hint Réponse % Correct
. c'
100%
. | .. m'
100%
. s'
100%
. | .. à
97%
. d'
97%
. j'
97%
. | .. l'
97%
. | .. | 10 pour
97%
. qu'
97%
. t'
97%
. | 5 un
97%
. | .. | 8 la
94%
. me
94%
. n'
94%
. pote
94%
. il
91%
. le
91%
. | .. ma
91%
. pourrais
91%
. qui
91%
. | 7 de
88%
. et
88%
. je
88%
. on
88%
. sa
88%
. toi
88%
. une
88%
. ai
85%
. | 3 ça
85%
. | .. dans
85%
. lui
85%
. | 1 même
85%
. meme
85%
. part
85%
. | 2 si
85%
. du
82%
. laisser
82%
. mon
82%
. terre
82%
. va
82%
. des
79%
. en
79%
. es
79%
. est
79%
. faire
79%
. mais
79%
. pas
79%
. sais
79%
. tu
79%
. belle
76%
. choix
76%
. dire
76%
. femme
76%
. futur
76%
. gosse
76%
. merde
76%
. mois
76%
. nom
76%
. partir
76%
. peu
76%
. plus
76%
. arrête
74%
. arrete
74%
. au
74%
. dit
74%
. ferais
74%
. jeu
74%
. katana
74%
. mettre
74%
. | .. quitter
74%
. six
74%
crois
71%
. écosse
71%
. jour
71%
. mariage
71%
. pareil
71%
. son
71%
. vas
71%
. vie
71%
. avec
68%
. con
68%
. demande
68%
. dis
68%
. emmène
68%
. heure
68%
. ici
68%
. mère
68%
. non
68%
. quand
68%
4 serait
68%
.. sortir
68%
. souvent
68%
. y
68%
. aimante
65%
. bon
65%
. bonne
65%
. c'est
65%
. chinois
65%
. donner
65%
. dormir
65%
. draguer
65%
. france
65%
.L mentir
65%
. pendant
65%
. | 9 perdre
65%
. plaisir
65%
. Rio
65%
. rire
65%
soeur
65%
. aller
62%
. avalanche
62%
. cassé
62%
. coeur
62%
. cou
62%
6 drame
62%
. fait
62%
. film
62%
. pisser
62%
. pizza
62%
. ses
62%
. années
59%
. avion
59%
. boxeur
59%
. centimes
59%
. chaque
59%
. copine
59%
. coup
59%
. derniere
59%
. elle
59%
. fond
59%
. heures
59%
. insulter
59%
. jamais
59%
. Nice
59%
. premier
59%
. surfer
59%
. vaisselle
59%
. bonnes
56%
. boule
56%
. cherie
56%
. délires
56%
. desolé
56%
. fais
56%
. frigo
56%
. irait
56%
. jt'
56%
. les
56%
. loto
56%
. mat
56%
. petite
56%
. prendre
56%
. préter
56%
. prêter
56%
. reste
56%
. sucette
56%
. tour
56%
. voler
56%
. attache
53%
. bizarre
53%
. bout
53%
. bunker
53%
. chambre
53%
. claquer
53%
. faible
53%
. faut
53%
. gagner
53%
. imposteur
53%
. laisserais
53%
. montagne
53%
. peut-être
53%
. piranhas
53%
. planter
53%
. rien
53%
. sache
53%
. tente
53%
. tout
53%
. vivre
53%
. enfiler
50%
. guillotine
50%
. lache
50%
. lever
50%
. monde
50%
. poisson
50%
. pression
50%
. prison
50%
. promener
50%
. quatre
50%
. résumer
50%
. rouge
50%
. suivre
50%
. trucs
50%
. bikini
47%
. crosse
47%
. dépanner
47%
. garder
47%
. glosse
47%
. importe
47%
. jusqu'
47%
.. patron
47%
. rende
47%
. sans
47%
. semblant
47%
. sous
47%
. supporter
47%
. face
44%
. jm'
44%
. nuit
44%
. porter
44%
. rein
44%
. valises
44%
. cadavre
41%
. dalle
41%
. déclancher
41%
. jl'e
41%
. poser
41%
. question
41%
. balles
38%
. suivrais
38%
. avoir
35%
. transporter
35%
. chopper
32%
. condamner
32%
. gale
29%
. meufe
24%
. passer
24%
. mille
21%
. click
18%
. balais
15%
. pah
6%
Aucun quiz correspondant
Distribution des résultats
% des personnes avec chaque résultat
Percentile par nombre de réponses
Votre historique - résultats
Vous n’avez pas pris ce quiz